Oeuvres de Leibniz / (Record no. 90688)
[ view plain ]
| 000 -LEADER | |
|---|---|
| campo de control de longitud fija | 00861nam a2200205 i 4500 |
| 001 - NÚMERO DE CONTROL | |
| campo de control | 90688 |
| 003 - IDENTIFICADOR DE NÚMERO DE CONTROL | |
| campo de control | ES-MaACL |
| 005 - FECHA Y HORA DE LA ÚLTIMA TRANSACCIÓN | |
| campo de control | 20250905165037.0 |
| 007 - CAMPO FIJO DE DESCRIPCIÓN FÍSICA--INFORMACIÓN GENERAL | |
| campo de control de longitud fija | t| |
| 008 - DATOS DE LONGITUD FIJA--INFORMACIÓN GENERAL | |
| campo de control de longitud fija | 050124s1842 fr ||||1| fre d |
| 100 1# - ENTRADA PRINCIPAL--NOMBRE DE PERSONA | |
| Nombre de persona | Leibniz, Gottfried Wilhelm |
| Títulos y otros términos asociados al nombre | Freiherr von. |
| 9 (RLIN) | 71367 |
| 245 10 - MENCIÓN DEL TÍTULO | |
| Título | Oeuvres de Leibniz / |
| Mención de responsabilidad, etc. | nouvelle édition collationnée sur les meilleurs textes et précédée d'une introduction par A. Jacques. |
| 260 ## - PUBLICACIÓN, DISTRIBUCIÓN, ETC. | |
| Lugar de publicación, distribución, etc. | Paris : |
| Nombre del editor, distribuidor, etc. | Charpentier, |
| Fecha de publicación, distribución, etc. | 1842 ( |
| Fabricante | Berthume et Plon) |
| 300 ## - DESCRIPCIÓN FÍSICA | |
| Extensión | 2 v. ; |
| Dimensiones | 18 cm. |
| 505 8# - NOTA DE CONTENIDO CON FORMATO | |
| Nota de contenido con formato | Contiene: I. Nouveaux essais sur l'entendement. Opuscules divers -- II. Essais de théodicée. Monadologie. Lettres entre Leibniz et Clarke |
| 700 1# - ENTRADA AGREGADA--NOMBRE PERSONAL | |
| Nombre de persona | Jacques, Amédée ( |
| Fechas asociadas al nombre | 1813-1865) |
| 9 (RLIN) | 149345 |
| 700 1# - ENTRADA AGREGADA--NOMBRE PERSONAL | |
| Nombre de persona | Clarke, Samuel, |
| Fechas asociadas al nombre | 1675-1729 |
| 9 (RLIN) | 149346 |
| 852 ## - LOCALIZACIÓN | |
| Ubicación | ES-MaACL |
| Número de control de estantería | D-2712-13 |
| Nota libre | .- Legado M. de la Fuente |
| Estatus retirado | Estado de pérdida | Estado de daño | No para préstamo | Colección | Biblioteca de origen | Biblioteca actual | Ubicación en estantería | Fecha de adquisición | Fuente de adquisición | Total de préstamos | Signatura topográfica completa | Código de barras | Visto por última vez | Precio de reemplazo | Tipo de ítem Koha |
|---|---|---|---|---|---|---|---|---|---|---|---|---|---|---|---|
| Libros del s. XIX | Biblioteca del Ateneo de Madrid | Biblioteca del Ateneo de Madrid | Sala Valle Inclán | 17/01/2008 | D-2712-13 | 901094693 | 23/02/2023 | 23/02/2023 | Libro impreso antiguo |
